[Event "HUN-ch Rapid 2020"]
[Site "Ajka"]
[Date "2020.07.17"]
[Round "2.9"]
[White "Boguszlavszkij, Jevgenyij"]
[Black "Nagy, Gabor"]
[Result "0-1"]
[WhiteElo "2153"]
[BlackElo "2502"]
[Annotator "TA"]
[PlyCount "76"]
[EventDate "2020.07.17"]
[EventType "rapid"]
[EventCountry "HUN"]
[SourceTitle "playchess.com"]
[Source "ChessBase"]
[SourceQuality "1"]

{[%evp 16,76,8,-22,-16,-48,-45,-70,-50,-57,-51,-64,-64,-63,-71,-77,-47,-47,-44,-59,-20,-34,-26,-39,31,-34,-1,-68,-62,-72,-66,-95,-100,-197,-196,-175,-179,-190,-172,-215,-146,-338,-330,-286,-272,-666,-628,-621,-620,-752,-704,-967,-938,-964,-945,-29981,-29982,-29981,-11438,-5222,-5206,-1932,-1314]} 1. e4 c5 2. Nf3 Nc6 3. g3 e6 4. d3 d5 5. Nbd2 Bd6 6. Bg2 Nge7 7. O-O O-O 8. Re1 Qc7 9. Nf1 {9.Qe2 gains popularity.} d4 {A08: King's Indian Attack.} 10. h4 e5 11. N1h2 f6 {Black is slightly better.} 12. h5 Be6 {[#]} 13. Nh4 $146 ({Predecessor:} 13. g4 h6 14. Nh4 c4 15. Nf5 cxd3 16. cxd3 Rac8 17. a3 Na5 18. b4 Nb3 19. Rb1 Nxc1 20. Rxc1 {0-1 (72) Mesa Baez,S (1613)-Arciniegas Castro,S (1894) Cartagena 2018}) 13... Qd7 14. f4 exf4 $1 15. gxf4 f5 16. e5 Bc7 17. N2f3 h6 (17... Ba5 $5 {[%cal Ra5e1]} 18. Rf1 Qe8 $15) 18. Qe2 Qe8 19. Nh2 Nb4 (19... Rb8 $15) 20. Kh1 ({White should try} 20. Bxb7 $14 Rb8 21. Bf3) 20... b5 21. Rg1 (21. Bxa8 $11 Qxa8+ 22. Kg1) 21... Rc8 22. a3 Nbd5 23. Bd2 {[#]} c4 $1 {[%mdl 512]} 24. Raf1 {[#]} (24. Bf3 $17) (24. dxc4 bxc4) 24... c3 $1 $19 {[%cal Rc3d2]} 25. bxc3 Bb6 ({Resist} 25... Nxc3 26. Bxc3 dxc3 27. Bb7 $15) 26. c4 bxc4 27. Rf3 Qxh5 28. Qf2 $2 {Now White is beyond hope.} (28. Qe1 $17 {is the only way for White.}) 28... cxd3 29. cxd3 Ne3 30. Rg3 $2 (30. Rh3) 30... Ng4 31. Rxg4 fxg4 32. Be4 Rc2 33. Qe1 {[#]} Rxd2 $1 {[%mdl 64] Deflection} 34. Qxd2 Qxh4 35. f5 Nxf5 36. Qf4 Ne3 37. Qg3 Qxg3 38. Rxg3 h5 {Accuracy: White = 37%, Black = 75%.} 0-1

[Event "HUN-ch Rapid 2020"]
[Site "Ajka"]
[Date "2020.07.17"]
[Round "2.10"]
[White "Czebe, Attila"]
[Black "Nogrady, Vilmos"]
[Result "1-0"]
[WhiteElo "2367"]
[BlackElo "2128"]
[Annotator "TA"]
[PlyCount "113"]
[EventDate "2020.07.17"]
[EventType "rapid"]
[EventCountry "HUN"]
[SourceTitle "playchess.com"]
[Source "ChessBase"]
[SourceQuality "1"]

{[%evp 11,113,11,21,0,92,82,86,93,83,82,92,89,131,93,112,92,93,91,83,91,85,65,97,81,99,88,90,8,174,166,208,145,188,170,189,193,175,181,180,31,34,-65,-54,-82,0,0,-16,-91,-95,-129,-119,-143,-125,-126,-77,-95,37,39,84,39,52,6,0,0,0,0,34,0,0,0,0,-10,0,0,0,-22,-8,-8,0,-2,0,-4,0,0,0,0,8,8,15,14,18,16,16,21,23,21,66,11,66,66,29983,29984,29997,29998]} 1. Nf3 Nf6 2. g3 b6 3. Bg2 Bb7 4. O-O e6 5. d3 Be7 6. e4 d6 {[#]} 7. Nh4 $146 {A05: Réti Opening: 1 Nf3 Nf6.} ({Predecessor:} 7. Re1 Nbd7 8. Nbd2 c5 9. b3 Qc7 10. Bb2 O-O 11. h4 Ne8 12. c3 Bf6 13. d4 e5 14. Rc1 Rd8 {1-0 (97) Britton,R (2221)-Davies,P (1980) England 2018}) 7... Nbd7 {[#]} (7... Nfd7 $11) 8. e5 $1 $16 {[%cal Re5f6][%mdl 576] Discovered Attack} Bxg2 (8... dxe5 9. Bxb7) 9. exf6 {White is better.} Bxf1 10. fxe7 Qxe7 11. Qxf1 g5 12. Ng2 h5 13. h4 gxh4 14. Nxh4 Rg8 {Hoping for ...Qxh4.} 15. Qg2 d5 16. c4 c6 17. Nc3 {[%cal Rc4d5]} Ne5 18. cxd5 cxd5 19. Nf5 (19. d4 $16 Qxh4 {[%mdl 64] Remove Defender} 20. gxh4 Nf3+ 21. Kh1 Rxg2 22. Kxg2 Nxh4+ 23. Kh3) 19... Qd7 $2 (19... Qf6 $1 $11 {and Black is okay.} 20. d4 Nc6 21. Nd6+ Ke7) 20. d4 $18 Nd3 21. Nh4 O-O-O 22. Qf3 Nb4 23. Bd2 ({Don't play} 23. Qxh5 Nc2 $16) 23... Nc6 24. Ne2 Kb7 25. Nf4 ({Better is} 25. b4 $18) 25... Nxd4 $14 26. Qd3 (26. Qxh5 $14 Nc6 27. Nfg2) 26... e5 $15 27. Nfg2 Qg4 ({Black should play} 27... Qb5 $17 28. Qxb5 Nxb5) 28. Re1 $11 f6 29. Bc3 (29. a4 $11 {remains equal.}) 29... Ne6 $17 30. Qh7+ Rg7 31. Qf5 {[#]} Qxf5 $1 32. Nxf5 Rg5 33. Ngh4 Nf4 (33... Rg4 $17) 34. Bd2 $14 {[%mdl 64] Pin} Rgg8 35. Bxf4 exf4 36. Re7+ Ka6 37. Nf3 fxg3 38. fxg3 d4 39. N5xd4 Rxg3+ 40. Kf2 Rdg8 41. b4 {[%cal Bb2b4,Bb4b5][%mdl 32]} Rg2+ 42. Ke3 $1 R8g7 43. b5+ Ka5 44. Re6 Rxa2 45. Rxf6 Ra3+ 46. Kf4 Rd7 47. Rf5 Ra4 48. Ke3 {[%cal Rd4c6]} Kb4 49. Rxh5 Ra3+ 50. Ke4 {aiming for Nc2+.} Rc3 51. Ne5 Rg7 52. Rh1 Rgg3 53. Rb1+ Kc5 {Threatens to win with ...Rce3+.} 54. Ne6+ $1 Kd6 55. Kf5 {Strongly threatening Rd1+.} Rge3 $2 {[%mdl 8192]} (55... Rgf3+ $14 56. Nxf3 Rxf3+ 57. Ke4 Ra3) 56. Rd1+ Ke7 57. Ng6+ {Accuracy: White = 65%, Black = 60%.} 1-0

[Event "HUN-ch Rapid 2020"]
[Site "Ajka"]
[Date "2020.07.17"]
[Round "2.11"]
[White "Havanecz, Bianka"]
[Black "Mihok, Oliver"]
[Result "0-1"]
[WhiteElo "2251"]
[BlackElo "2552"]
[Annotator "TA"]
[PlyCount "102"]
[EventDate "2020.07.17"]
[EventType "rapid"]
[EventCountry "HUN"]
[SourceTitle "playchess.com"]
[Source "ChessBase"]
[SourceQuality "1"]

{[%evp 21,102,62,68,56,52,51,52,28,22,23,40,42,49,57,58,6,11,26,20,34,15,-14,0,0,0,0,0,-30,-20,-36,-20,-35,4,0,27,0,5,0,260,191,167,183,174,154,129,3,64,61,95,0,0,-72,-57,-55,-54,-97,-95,-256,-194,-638,-631,-627,-622,-639,-714,-1771,-1777,-1499,-1264,-5389,-5031,-1781,-1730,-1455,-1331,-29966,-29967,-29963,-29965,-29965,-29967,-29970,-29969]} 1. d4 Nf6 2. c4 c5 3. d5 b5 4. cxb5 a6 5. bxa6 g6 6. Nc3 Bxa6 7. e4 Bxf1 8. Kxf1 d6 9. Nf3 Bg7 10. g3 O-O 11. Kg2 Qb6 12. Qe2 {A59: Benko/Volga Gambit: White castles by hand.} Qa6 {next ...Qxe2 is good for Black.} 13. Qc2 Nbd7 {[#]} 14. Bg5 $146 {White is slightly better.} ({Predecessor:} 14. h3 Rfb8 15. Bd2 Ne8 16. Rhb1 c4 17. Be3 Rb7 18. Bd4 Ne5 19. Nd2 Rab8 20. b3 cxb3 21. Rxb3 {1-0 (43) Krush,I (2489)-Alburt,L (2539) Rockville 2013}) 14... h6 15. Bf4 Ng4 16. a4 Qc4 17. Ra3 Rfb8 18. Re1 (18. Nd2 $14 Qd4 19. Nd1) 18... Nge5 $11 19. Nxe5 Nxe5 20. Bxe5 Bxe5 21. Qd2 Kh7 22. Re3 Qb4 23. Ra2 Qb3 24. Rf3 Kg7 25. h4 Rb4 {[%mdl 1024] Black has compensation.} 26. Re3 Rc4 27. a5 Ra7 (27... Bd4 $5 {[%cal Rd4e3]}) 28. Ra3 Qb4 29. Qe2 $36 {[%mdl 2048] [#] And now Na2 would win. Black is under pressure.} Bd4 $2 {[%mdl 8192]} (29... Bxc3 $11 {and Black is okay.} 30. Raxc3 Rxc3 31. bxc3 Qxa5) 30. Ra4 Qxa4 31. Nxa4 Rxa4 32. Rb3 {Threatens to win with Qb5.} R4xa5 33. Rb8 (33. h5 $16) 33... Ra8 ({Black should try} 33... h5 $1 $11) 34. Rb7 $1 $14 {[%cal Rb7e7]} R5a7 {[#]} 35. Rb3 ({White should play} 35. Qb5 $1 $16) 35... h5 $11 36. g4 (36. Qb5 $11) 36... hxg4 $17 37. Qxg4 Rh8 $1 38. Rh3 Ra2 39. h5 $2 (39. Rb3 $17 {was called for.}) 39... Rxb2 $19 40. Rf3 $2 (40. hxg6 Rxf2+ 41. Kg3 Rxh3+ 42. Kxh3) 40... Rxh5 41. Qf4 Bf6 42. Qe3 Be5 43. Qa3 Rh2+ 44. Kf1 Bd4 45. Qa7 Rhxf2+ 46. Rxf2 Rxf2+ {KQ-KRB} 47. Ke1 Rf4 48. Qxe7 Be5 {Black mates.} 49. Kd2 Rxe4 50. Qb7 c4 51. Qc6 Rh4 {Quite a comeback for Black. Accuracy: White = 46%, Black = 81%.} 0-1

[Event "HUN-ch Rapid 2020"]
[Site "Ajka"]
[Date "2020.07.17"]
[Round "2.12"]
[White "Aczel, Gergely"]
[Black "Margl, Roland"]
[Result "1/2-1/2"]
[WhiteElo "2511"]
[BlackElo "2288"]
[Annotator "TA"]
[PlyCount "151"]
[EventDate "2020.07.17"]
[EventType "rapid"]
[EventCountry "HUN"]
[SourceTitle "playchess.com"]
[Source "ChessBase"]
[SourceQuality "1"]

{[%evp 21,151,0,25,23,30,16,22,9,37,26,27,26,32,25,32,33,40,0,0,0,8,14,16,21,58,60,73,65,85,50,104,99,125,88,171,174,181,183,340,340,340,337,396,357,357,360,362,354,371,368,368,361,356,363,360,359,389,389,385,352,327,312,312,312,312,270,312,312,312,303,312,309,469,454,490,476,454,419,956,575,1016,1005,1030,983,1005,457,1092,466,2211,2182,2489,1131,2273,2366,2200,2252,2210,2054,1614,1616,29969,29970,12804,11290,29978,29979,29984,29980,29981,29982,29982,29983,29983,29984,29984,29985,29985,29986,29986,29987,29987,29986,29987,29988,29993,29994,29995,29992,29992,29993,29993,29990]} 1. d4 d5 2. c4 e6 3. Nc3 Nf6 4. cxd5 Nxd5 5. e4 Nxc3 6. bxc3 c5 7. Nf3 cxd4 8. cxd4 Bb4+ 9. Bd2 Bxd2+ 10. Qxd2 O-O 11. Bc4 Nd7 12. O-O {D41: Queen's Gambit Declined: Semi-Tarrasch with 5 cxd5.} b6 13. a4 Bb7 14. Rfe1 {The position is equal.} h6 15. a5 bxa5 16. Rxa5 Qc7 17. Bd3 Nf6 18. h3 {[#]} Rfd8 $146 ({Predecessor:} 18... Rfc8 19. Rc5 Qd8 20. Ra5 Qc7 21. Rb5 a5 22. Qb2 Ba6 23. Rc5 Qd8 24. Bxa6 Rxa6 {0-1 (36) Sarana,A (2654)-Keymer,V (2558) chess.com INT 2020}) 19. Ra3 a5 20. Qe3 Qe7 21. Rea1 Qb4 22. Ra4 $36 {[%mdl 2048] White is more active.} Qb6 23. Ne5 Ra7 24. f3 Raa8 25. Bf1 Ra7 {White leaves nothing to chance now.} (25... Nh5 $14) 26. Qc3 $16 Raa8 27. Kh2 Ra7 (27... Rdc8 $16 28. Nc4 Qd8 29. Rxa5 Rxa5 30. Rxa5 Bd5) 28. Qc5 $18 ({Much less strong is} 28. Rxa5 Rxa5 29. Qxa5 Qxa5 $16) 28... Qxc5 29. dxc5 {Black must now prevent c6.} Ne8 $2 (29... Rda8 {is a better defense.} 30. c6 Bc8) 30. Rxa5 Rxa5 31. Rxa5 f6 32. Ra7 fxe5 33. Rxb7 {[%mdl 4096] Endgame KRB-KRN} Rc8 34. Bc4 Rxc5 35. Bxe6+ Kh7 36. Bf5+ Kg8 37. Bg6 {[#] Threatening mate with Rb8!} Rc8 38. Re7 Nf6 39. Rxe5 Kf8 40. Re6 Ng8 41. Bf5 Rc5 42. Ra6 Ne7 43. Be6 {[#] aiming for Ra8+.} g6 44. Ra7 Rc6 45. Ba2 Rc2 46. h4 Nc6 (46... Rd2 $142 47. Kg3 Rc2) 47. Rc7 Rxa2 48. Rxc6 {KR-KR} Kg7 49. Kh3 h5 (49... Kf7 $142 50. h5 gxh5 51. Rxh6 Ra5) 50. Rc5 Kf6 51. Kg3 Rb2 52. Rg5 Re2 53. Kf4 Re1 (53... Kg7 $142 54. g3 Ra2) 54. g3 (54. Rc5 $142 Rg1 55. e5+ Ke7 56. Rc7+ Ke6 57. g3) 54... Re2 (54... Kg7 $142 55. Rb5 Rg1) 55. Ra5 Rg2 56. Ra6+ (56. e5+ $142 Kg7 57. g4) 56... Kf7 57. e5 Rg1 58. Ra7+ Kf8 59. Rb7 Rg2 60. g4 hxg4 61. fxg4 Re2 62. Kg5 Rxe5+ 63. Kxg6 {White mates.} Re6+ 64. Kh5 Kg8 65. g5 Ra6 66. g6 Ra4 67. Kg5 Ra5+ 68. Kh6 {[%cal Rb7b8]} Ra8 69. h5 Rc8 70. Rb5 Ra8 71. Rd5 Rb8 72. Kg5 Kh8 73. h6 Ra8 74. Rd6 Ra5+ 75. Kf6 {[%cal Rd6d8]} Ra8 76. Ke7 {[%mdl 32768] Accuracy: White = 83%, Black = 57%. . An unexpected result.} 1/2-1/2

[Event "HUN-ch Rapid 2020"]
[Site "Ajka"]
[Date "2020.07.17"]
[Round "2.13"]
[White "Szalanczi, Emil"]
[Black "Horvath, Adam"]
[Result "0-1"]
[WhiteElo "2114"]
[BlackElo "2488"]
[Annotator "TA"]
[PlyCount "88"]
[EventDate "2020.07.17"]
[EventType "rapid"]
[EventCountry "HUN"]
[SourceTitle "playchess.com"]
[Source "ChessBase"]
[SourceQuality "1"]

{[%evp 11,88,43,47,33,20,0,19,-12,-3,-20,-18,-18,-16,-15,-17,-25,-18,-30,-27,-14,-1,-70,-51,-68,-46,-56,-77,-65,-54,-142,-110,-180,-183,-162,-81,-74,-40,-39,-3,-141,-150,-134,-121,-208,-183,-533,-308,-298,-291,-288,-209,-209,-209,-329,-327,-324,0,-299,-296,-338,-338,-338,-338,-404,-373,-29990,-29991,-29991,-29992,-29992,-29992,-29992,-29993,-29993,-29994,-29997,-29998,-29998,-29999]} 1. e4 c5 2. Nf3 Nc6 3. d4 cxd4 4. Nxd4 e6 5. Nc3 Qc7 6. Be3 a6 7. Qf3 {now scores much better than the old 7.Qd2. Played by Leinier Dominguez Perez in July 2020. B48: Sicilian: Taimanov: 5 Nc3 Qc7 6 Be3 a6 without Be2.} Nf6 8. Nxc6 bxc6 9. Bd3 {[#] The position is equal.} Bd6 $146 ({Predecessor:} 9... Rb8 10. O-O Bd6 11. Qh3 Rxb2 12. Na4 Rb4 13. Nc5 Qa5 14. Nb3 Qh5 15. Qxh5 Nxh5 {0-1 (63) Devereaux,M (2370)-Vitiugov,N (2732) Caleta 2018}) 10. g3 Rb8 11. Rb1 h5 12. h3 Be5 13. O-O c5 {[%cal Bc6c5,Bc5c4][%mdl 32]} 14. Rfe1 h4 {[%cal Rh4g3]} 15. g4 Bb7 16. Bd2 (16. g5 $11) 16... c4 $36 {[%mdl 2048] White is under pressure.} 17. Bf1 $1 d5 $1 {[%cal Rd5e4]} 18. exd5 Nxd5 19. Rxe5 Qxe5 20. Re1 ({Better is} 20. Qe4 $15 Qxe4 21. Nxe4) 20... Nxc3 21. Qxb7 (21. Rxe5 $17 Bxf3 {[%mdl 64] Discovered Attack} 22. Bxc3) 21... Rxb7 $19 22. Rxe5 Nb1 ({Black should try} 22... Nxa2 $19 23. Rc5 O-O 24. Bxc4 Rxb2 25. Bxa6 Rd8) 23. Bc1 $17 c3 24. b3 O-O 25. Bxa6 {Black keeps a firm grip on the game.} (25. Rc5 $1 $11) 25... Ra7 26. Bd3 Rxa2 27. Be3 {[#]} (27. Kf1 $17) 27... Na3 $1 $19 {[%cal Ra3c2]} 28. Bd4 $2 (28. Bc5) 28... Nxc2 29. Bxc3 Rd8 30. Bc4 {and the idea Re2 leaves White hopeful.} Nd4 {aiming for ...Nf3+.} 31. Kg2 Rc2 32. Ba1 (32. Ba5 {was necessary.} Rb8 33. Re3) 32... Nc6 33. Rg5 Nd4 $2 (33... Rdd2 $19 34. Kf3 Rxf2+ 35. Ke4 {[#]} e5 $1 {[%mdl 512]} 36. Bxe5 Nxe5 37. Rxe5 g6) 34. Ra5 $2 {[%mdl 8192]} (34. Re5 $11 {and White is okay.}) 34... Ne2 {Strongly threatening ...Nf4+.} 35. Kf3 Nc3 36. g5 Kh7 37. Kg4 Rd4+ 38. f4 $2 (38. Kf3 $19 Rd1 39. Ra3) 38... Rg2+ {Black mates.} 39. Kf3 Rg3+ {[%mdl 64] Double Attack} 40. Kf2 Ne4+ 41. Ke1 Re3+ 42. Be2 Rd2 43. Re5 Rexe2+ 44. Kf1 Ng3+ {Accuracy: White = 42%, Black = 72%.} 0-1

[Event "HUN-ch Rapid 2020"]
[Site "Ajka"]
[Date "2020.07.17"]
[Round "2.14"]
[White "Krstulovic, Alex"]
[Black "Bagi, Mate"]
[Result "1-0"]
[WhiteElo "2338"]
[BlackElo "2478"]
[Annotator "TA"]
[PlyCount "75"]
[EventDate "2020.07.17"]
[EventType "rapid"]
[EventCountry "HUN"]
[SourceTitle "playchess.com"]
[Source "ChessBase"]
[SourceQuality "1"]

{[%evp 9,75,13,35,36,63,66,56,58,85,88,73,72,85,60,57,46,110,88,222,115,106,54,56,51,175,163,235,238,241,255,296,302,304,285,289,157,137,141,370,367,390,390,658,664,825,822,723,681,894,845,918,910,1024,1031,1358,1335,1737,2212,2189,2125,3485,3211,5090,5114,4914,5102,29986,3870]} 1. d4 Nf6 2. Nf3 c5 3. d5 b5 4. c3 Bb7 5. e4 Nxe4 6. Bxb5 {A43: Schmid Benoni.} g6 7. O-O Bg7 8. Re1 {White is slightly better.} Nf6 9. c4 O-O 10. Nc3 e6 {[#]} 11. Bg5 $146 {[%mdl 2048] White has some pressure.} ({Predecessor:} 11. Bf4 a6 12. Ba4 Qb6 13. Bb3 exd5 14. cxd5 d6 15. Nd2 Rd8 16. Nc4 Qc7 17. Qf3 {1-0 (55) Risting,E (2299)-Olimjonov,S (2074) Porto Carras 2018}) 11... h6 12. Bh4 Na6 ({Black should play} 12... exd5 $14 13. Nxd5 (13. cxd5 d6 $14) 13... Bxd5 14. cxd5 d6) 13. Ne5 $16 {[#] Black must now prevent Nxd7!} Nc7 (13... g5 $16 14. Bg3 Nc7) 14. dxe6 ({Only move:} 14. Bxd7 $1 $18 g5 15. Bc6) 14... dxe6 15. Bc6 (15. Ba4 $16) 15... Bxc6 16. Nxc6 Qe8 ({Better is} 16... Qxd1 $14 17. Raxd1 Na6) 17. Qd6 $18 Qd7 {[#]} (17... Na6 $142 18. Rad1 Nb4) 18. Bg3 $1 ({Don't play} 18. Qxc5 $6 Na6) 18... Nce8 19. Qxc5 Kh7 {Threatens to win with ...Rc8.} 20. Rad1 Qb7 21. Qb5 Qb6 22. Na4 ({White should try} 22. b4 $18) 22... Qxb5 $16 23. cxb5 Nh5 $2 (23... Nd5 $16 24. b3 Nef6) 24. Bb8 $18 Nef6 25. Bxa7 Rac8 $2 (25... Nd5 26. b6 Rac8) 26. Bc5 Rfe8 27. Nb6 Rc7 28. a4 Nf4 29. a5 Bf8 30. b4 Kg8 31. g3 N4d5 32. Nxd5 exd5 33. Rxe8 Nxe8 34. Rxd5 Kg7 35. Rd8 Bxc5 36. bxc5 Nf6 37. a6 Nd7 38. a7 {Accuracy: White = 75%, Black = 26%.} (38. b6 $142 Rxc6 39. Rxd7 Re6 40. b7 h5 41. b8=Q g5 42. a7 Re1+ 43. Kg2) 1-0

[Event "HUN-ch Rapid 2020"]
[Site "Ajka"]
[Date "2020.07.17"]
[Round "2.15"]
[White "Seres, Lajos"]
[Black "Terbe, Zsuzsanna"]
[Result "1-0"]
[WhiteElo "2418"]
[BlackElo "2192"]
[Annotator "TA"]
[PlyCount "73"]
[EventDate "2020.07.17"]
[EventType "rapid"]
[EventCountry "HUN"]
[SourceTitle "playchess.com"]
[Source "ChessBase"]
[SourceQuality "1"]

{[%evp 17,73,0,13,7,22,29,15,33,135,116,175,152,201,220,256,252,243,175,192,74,184,158,152,0,-25,-115,-111,-112,-120,-116,-22,-26,-27,-26,-22,-27,-14,0,308,286,316,196,207,191,204,203,193,198,186,181,183,178,220,219,291,248,970,970]} 1. d4 d5 2. c4 c6 3. Nf3 Nf6 4. Nc3 dxc4 5. a4 Bf5 6. Nh4 e6 7. Nxf5 exf5 8. e3 Bd6 9. Bxc4 O-O 10. h3 {D17: Slav Defence: 5 a4 Bf5: Lines with 6 Nh4 and 6 Ne5.} Qe7 11. Qf3 g6 12. g4 {The position is equal.} f4 {[#]} (12... c5 $14) 13. O-O $1 $16 fxe3 {[#]} (13... Nbd7 $16 {keeps fighting.}) 14. fxe3 $146 ({Predecessor:} 14. Bxe3 Kg7 15. Rfe1 Qd8 16. g5 Nh5 17. d5 c5 18. Ne4 Qc7 19. b4 b6 20. bxc5 bxc5 21. Nxd6 Qxd6 {1-0 (35) Almeida Quintana,O (2548)-Alonso Moyano,J (2426) Sabadell 2011}) 14... Nbd7 15. e4 Ne8 16. Bh6 Ng7 17. Rae1 Bc7 18. Qe3 (18. Kg2 $18 {is more deadly.}) 18... Bb6 (18... Qb4 $16 {is a better defense.} 19. Ba2 Bb6) 19. Kg2 Qb4 {[#]} 20. b3 $2 (20. Qe2 $1 $16) 20... Ne5 $1 $11 {[%cal Bd7e5,Be5c4,Bc4e3][%mdl 32]} 21. Na2 (21. a5 $11 Qxa5 22. Rc1) 21... Nxc4 $17 22. Nxb4 Nxe3+ 23. Bxe3 Rad8 (23... Ba5 $17 24. Bd2 Rfd8) 24. Nc2 $11 Rfe8 25. Kf3 Ne6 {[%cal Rb6d4]} 26. Rd1 Rd7 27. d5 Nc5 $2 {[%mdl 8192] [#]} (27... Bxe3 $11 28. dxe6 Rxd1 29. Rxd1 Bb6) 28. a5 $1 $18 {[%mdl 512]} cxd5 (28... Bxa5 29. Bxc5) 29. axb6 dxe4+ 30. Ke2 Rxd1 31. Rxd1 axb6 32. Rd6 Nxb3 33. Rxb6 Na5 34. Rb5 Rc8 35. Nb4 Nc4 36. Nd5 {Black must now prevent Ne7+.} ({Less strong is} 36. Rxb7 Nxe3 37. Kxe3 Rc3+ 38. Kxe4 Rxh3 $16) 36... Rc6 $2 (36... Ra8 37. Nf6+ (37. Rxb7 Ra2+ 38. Ke1 Nxe3 $16) 37... Kg7) 37. Ne7+ {[%mdl 64] Double Attack. Accuracy: White = 69%, Black = 46%.} 1-0

[Event "HUN-ch Rapid 2020"]
[Site "Ajka"]
[Date "2020.07.17"]
[Round "2.16"]
[White "Horvath, Kalman"]
[Black "Kaczur, Florian"]
[Result "0-1"]
[WhiteElo "2095"]
[BlackElo "2507"]
[Annotator "TA"]
[PlyCount "146"]
[EventDate "2020.07.17"]
[EventType "rapid"]
[EventCountry "HUN"]
[SourceTitle "playchess.com"]
[Source "ChessBase"]
[SourceQuality "1"]

{[%evp 9,145,39,37,33,35,37,41,20,16,5,9,0,25,19,32,0,13,20,20,0,14,0,6,-8,-8,-61,-7,-31,-20,-48,-32,-54,-39,-60,-58,-58,-16,-31,-22,-75,-64,-70,-54,-148,-185,-200,-216,-262,-224,-564,-568,-658,-681,-687,-683,-743,-721,-4814,-4818,-4806,-4122,-2687,-1483,-1484,-1454,-1890,-1362,-1305,-1261,-1170,-1087,-1006,-945,-1402,-1343,-29984,-1304,-1293,-1276,-1189,-1221,-1204,-1193,-29977,-29978,-29977,-29979,-29980,-29981,-29981,-29982,-29982,-29983,-29984,-29984,-29986,-29987,-29987,-29988,-29988,-29989,-29990,-29990,-29989,-29990,-29991,-29988,-29987,-29988,-29988,-29989,-29989,-29990,-29992,-29993,-29993,-29993,-29993,-29994,-29994,-29994,-29994,-29995,-29995,-29996,-29996,-29997,-29997,-29996,-29996,-29996,-29996,-29997,-29997,-29998,-29998,-29999,-29999]} 1. d4 Na6 2. Nc3 c6 3. e4 Nc7 4. Nge2 g6 5. g3 Bg7 6. Bg2 {B12: Caro-Kann: Advance Variation.} d6 {[#]} 7. Be3 $146 ({Predecessor:} 7. O-O Nh6 8. h3 O-O 9. Be3 f6 10. Qd2 Nf7 11. f4 d5 12. e5 Re8 13. Rad1 {1-0 (53) Sadubayev,A (2231)-Holtman,T (2201) Khanty-Mansiysk 2016}) 7... Nf6 8. h3 {White is slightly better.} b5 9. e5 Nfd5 10. exd6 exd6 11. Nxd5 Nxd5 12. c3 O-O 13. Bxd5 cxd5 14. Nf4 Re8 15. Qb3 Qd7 16. Kf1 a5 $36 {[%mdl 2048] Black is pushing.} 17. Rh2 {[#]} (17. a3 $11) 17... Bb7 ({Black should play} 17... b4 $1 $15 {[%mdl 512]}) 18. a3 Re4 19. Re1 Rae8 20. Qc2 h5 21. Ng2 Qc6 22. Qd2 Qc4+ 23. Kg1 R4e7 24. Qe2 (24. g4 $11 {remains equal.}) 24... b4 $17 25. axb4 axb4 26. Qxc4 {Black continues to play with concentration.} (26. Qd2 $15) 26... dxc4 27. Ra1 {[#]} Ra8 $1 {[%cal Ra8a1]} 28. Rc1 b3 {[%cal Bb4b3,Bb3b2][%mdl 32] ...Ra2 is the strong threat.} 29. Bf4 $2 (29. Rf1 {nothing else works.}) 29... Re2 $19 30. Ne3 Rxb2 31. Nxc4 Rc2 32. Rb1 Rxc3 33. Nxd6 b2 {( -> ...Ra1!)} 34. f3 Bxd4+ 35. Kf1 Rxf3+ 36. Ke2 Bd5 37. Nb5 Re8+ 38. Kd2 Bf6 39. Re2 Rxe2+ 40. Kxe2 Rb3 41. Nc7 Be4 42. Ne8 Bh8 (42... Bxb1 $142 43. Nxf6+ Kh8 44. Kd2 Bd3 45. Be5 b1=Q 46. Nd7+ Kg8 47. Nf6+ Kf8 48. Bd6+ Kg7 49. Ne8+ Kg8 50. Nf6+ Kh8 51. Be5 Qc2+ 52. Ke3 Bf1+ 53. Bc3 Qxc3+ {[%mdl 64] Double Attack} 54. Kf2 Qf3+ 55. Kg1 Qg2#) 43. Rxb2 Bxb2 44. Nd6 Bd5 45. Kd2 Ba3 46. Kc2 Bxd6 {Black mates.} 47. Bxd6 f6 48. h4 Kf7 49. Bf4 Ke6 50. Bc7 Kf5 51. Bd6 g5 52. hxg5 fxg5 53. Kd2 h4 54. gxh4 gxh4 55. Ke2 h3 56. Kf2 Kg4 57. Bc7 {[#]} h2 $1 58. Bxh2 Rb2+ 59. Ke3 Rxh2 60. Kd4 Ba8 61. Ke5 Rd2 62. Kf6 Kf4 63. Ke6 Bf3 64. Kf6 Rd6+ 65. Ke7 Ke5 66. Kf7 Rd7+ 67. Kg6 Be4+ 68. Kg5 Rg7+ 69. Kh6 Rg6+ 70. Kh7 Kf6 71. Kh8 Rh6+ 72. Kg8 Bd5+ 73. Kf8 Rh8# {Accuracy: White = 57%, Black = 74%.} 0-1